Clubs ayant participé à la Bundesliga - Statistiques

Statistiques générales
  • Ce quiz a été pris 271 fois
  • Le résultat moyen est 31 sur 56
Statistiques - réponses
Nombre de saisons Club % Correct
58 Bayern Munich
100%
56 Borussia Dortmund
99%
7 RB Leipzig
94%
1 VfB Leipzig
94%
4 1. FC Union Berlin
93%
1 Blau-Weiß 90 Berlin
93%
40 Hertha BSC
93%
1 Tasmania Berlin
93%
2 Tennis Borussia Berlin
93%
55 Hambourg SV
90%
44 Bayer 04 Leverkusen
89%
54 Schalke 04
89%
2 Stuttgarter Kickers
89%
56 VfB Stuttgart
89%
58 Werder Brême
89%
51 1. FC Cologne
87%
1 SC Fortuna Cologne
87%
54 Eintracht Francfort
85%
55 Borussia Mönchengladbach
81%
26 VfL Wolfsburg
79%
17 1. FSV Mayence 05
78%
23 SC Fribourg
78%
15 TSG 1899 Hoffenheim
76%
20 TSV 1860 Munich
70%
12 FC Augsbourg
69%
33 1. FC Nuremberg
68%
30 Hanovre 96
68%
44 1. FC Kaiserslautern
64%
36 Vfl Bochum
62%
4 Dynamo Dresde
58%
25 Fortuna Düsseldorf
58%
19 Arminia Bielefeld
54%
2 FC Ingolstadt 04
43%
4 SV Darmstadt 98
43%
2 SC Paderborn 07
42%
2 SpVgg Greuther Fürth
42%
12 Hansa Rostock
40%
24 Karlsruher SC
40%
21 Eintracht Brunswick
34%
28 MSV Duisbourg
33%
4 Alemannia Aachen
32%
8 FC St. Pauli
32%
7 Rot-Weiß Essen
31%
7 SV Waldhof Mannheim
26%
5 1. FC Saarbrück
25%
6 FC Energie Cottbus
18%
1 Preußen Münster
13%
1 SSV Ulm 1846
13%
7 Kickers Offenbach
7%
2 SpVgg Unterhaching
7%
3 Wuppertaler SV
7%
14 KFC Uerdingen 05
5%
4 Rot-Weiß Oberhausen
2%
4 SG Wattenscheid 09
2%
3 Borussia Neunkirchen
1%
3 FC 08 Homburg
1%
Aucun quiz correspondant
Distribution des résultats
% des personnes avec chaque résultat
Percentile par nombre de réponses
Votre historique - résultats
Vous n’avez pas pris ce quiz